| 000 | 00619pam a2200229 a 4500 | ||
|---|---|---|---|
| 999 |
_c6947 _d6947 |
||
| 003 | BD-JhCC | ||
| 005 | 20180210164712.0 | ||
| 008 | 860612s2006 s a 001 0 eng | ||
| 020 | _a9780756619312 | ||
| 035 | _a(BD-JhCC) 6947 | ||
| 040 |
_aBD-JhCC _dBD-JhCC |
||
| 041 | _aeng | ||
| 082 | 0 | 0 |
_a618.920025 _bWAL 2006 |
| 100 | 1 | _aWalker, Allen R., | |
| 245 | 1 | 0 |
_aFirst Aid Fast : _bfor babies and children / _cAllen R.Walker |
| 260 |
_aSingapur : _bTien wah press, _c2006. |
||
| 300 |
_a128 p. : _bill. ; _c24 cm. |
||
| 650 | 0 | _aPediatric emergency | |
| 650 | 0 | _aFirst Aid | |
| 942 |
_2ddc _cBK |
||